Suomen kunnat, joilla on uniikki loppukirjain - Statistics

Yleistilastot
  • Tätä visaa on pelattu 73 kertaa
  • Keskiarvotulos 4 / 5
Vastaustilastot
Loppukirjain Maakunta Kunta % Oikein
-T Pirkanmaa Virrat
92%
-R Ahvenanmaa Kökar
86%
-K Ahvenanmaa Saltvik
86%
-M Ahvenanmaa Finström
60%
-L Varsinais-Suomi Koski Tl
56%
Ehtoja vastaavia visoja ei löytynyt
Tulosjakauma
Jokaisen tuloksen saaneiden osuus
Persentiili vastausten määrän mukaan
Tuloshistoriasi
Et ole pelannut tätä visaa